000 00475pab a2200169 454500
008 180718b2007 xxu||||| |||| 00| 0 eng d
100 _aBriju B.L.
245 _aEvery thing in the name of national interest: a democratic critique of India's foreign policy
260 _c2007
300 _ap.51-72.
362 _aJan-Mar & Apr-Jun
650 _aIndia - Foreign relations
650 _aInternational relations
773 _aISDA Journal
908 _aN
909 _a75433
999 _c75433
_d75433